000 00277nam a2200121 a 4500
008 090929s1962|||| d
100 1 _aAbašeli,A.
245 1 0 _aNeznáma v zrkadle
260 _bMladé letá
_aBratislava
_c1962
041 _aslo
044 _axo
_cSK
020 _c13,80
999 _c10
_d10